| 000 | 00990na a2200313 4500 | ||
|---|---|---|---|
| 001 | 16667 | ||
| 003 | MIRAKIL | ||
| 005 | 20181213155205.0 | ||
| 008 | 161013b tu 000 0 | ||
| 020 | _a9789759857981 | ||
| 035 | _a16667 | ||
| 040 |
_aMilas _btur _cTR-AnCHP |
||
| 041 | _atur | ||
| 082 |
_a320.5 _bT34t 2014 |
||
| 090 | _a320.5 T34t 2014 | ||
| 100 | _aTekeli, İlhan | ||
| 245 |
_aTürkiye'nin demokrasi krizini aşması için kucaklayıcı demokrasi konuşmaları _cİlhan Tekeli |
||
| 246 | _aKucaklayıcı demokrasi | ||
| 260 |
_aAnkara _bSosyal Demokrasi Derneği Yayınları _c2014 |
||
| 300 |
_axx, 180 s. _c21 sm. |
||
| 440 |
_aSosyal Demokrasi Derneği Yayınları _v9 |
||
| 610 |
_aAKP _xSiyaset ve yönetim _yÖtekileştirme |
||
| 650 |
_aDemokrasi _xTarih _zTürkiye |
||
| 650 |
_aSiyasal kültür _zTürkiye |
||
| 651 |
_aTürkiye _xSiyaset ve yönetim _y2002- |
||
| 657 | _aSosyal demokrasi | ||
| 710 | _aSosyal Demokrasi Derneği | ||
| 942 |
_2dcc _cBKS |
||
| 999 |
_c8274 _d8274 |
||